000 00833cam a22002651 4500
001 he 68001472
003 DLC
005 20260227111458.0
008 840125s1966 nyu 000 0 heb
010 _ahe 68001472
035 _a(OCoLC)19151895
040 _aDLC
_cMH
_dDLC
042 _apremarc
050 0 0 _aBM522.43
_b.B48 1966
100 0 _aDavid ben Solomon ibn Abi Zimra,
_dactive 1513-1573.
240 1 0 _aSheʼelot u-teshuvot
245 1 0 _aSheʼelot u-teshuvot ha-Radbaz.
260 _a[New York] :
_bOtsar ha-sefarim,
_c727 [1966 or 1967]
300 _a7 v. in 2 ;
_c32 cm.
500 _aVol 2-7 without date.
500 _aVol. 5 has running title: "Sheʼelot u-teshuvot ha-Radbaz li-leshonot ha-Rambab."
500 _aReprint.
650 0 _aResponsa
_y1040-1600.
752 _aUnited States
_bNew York
_dNew York
999 _c33320
_d33320